Statistics for World Geography General Knowledge #3

Click here to take the quiz!

General Stats

  • This quiz has been taken 107 times
  • The average score is 8 of 15

Answer Stats

HintAnswer% Correct
What is the offical language of Quebec?French
99%
San Marino is an enclave in what country?Italy
92%
Angola speaks what European language officially?Portuguese
89%
How many countries share a border with Central African Republic?5
88%
Tallinn is the capital city of what country?Estonia
88%
What is the second highest mountain on Earth?K2
85%
What is the second largest river in Africa?Congo River
73%
What is the capital of Greenland?Nuuk
52%
Which sea in Iranian is known as 'The Sea of Manzandaran'?Caspian Sea
33%
What is the name of the river which separates New South Wales and Victoria?Murray River
32%
What US State is known as the 'Hawkeye State'?Iowa
22%
The Phoenix Islands belong to what country?Kiribati
5%
Lake Assal, a crater lake, can be found in which country?Djibouti
3%
What is the highest volcano in Antarctica?Mount Sidley
2%
What is the is the largest verified impact crater on Earth?Vredefort crater
1%

Score Distribution

Percentile by Number Answered

Percent of People with Each Score

Your Score History

You have not taken this quiz